000
00336nam a2200133Ia 4500
008
240624s9999 xx 000 0 und d
041
_a
eng
082
_a
511.1 SIM
100
_a
SIMON CARL P
245
_a
MATHEMATICS FOR ECONOMISTS
260
_c
2006
_a
New Delhi
_b
Viva Books Private Limited
300
_a
954 : p.
365
_c
RS
_b
33.5
999
_c
16254
_d
16254